Statistics for Historical Cultural Periods: IV Neoclassicism/Late Enlightenment

Click here to take the quiz!

General Stats

  • This quiz has been taken 12 times
  • The average score is 6 of 15

Answer Stats

Answer% Correct
Catherine the Great
100%
Thomas Jefferson
89%
Coronation of Napoleon
67%
Death of Socrates
67%
Death of Marat
56%
Frederick the Great
56%
Jacques-Louis David
56%
Battle of Thermopylae
44%
Antoine Lavoisier
33%
The Rape of the Sabine Women
33%
Mary Wollstonecraft
22%
Anton Raphael Mengs
0%
Élisabeth Vigée Le Brun
0%
Hubert Robert
0%
Pompeo Batoni
0%

Score Distribution

Percentile by Number Answered

Percent of People with Each Score

Your Score History

You have not taken this quiz